Spieler des FC Bayern erraten - Statistiken

Allgemein
  • Dieses Quiz wurde 780 mal gespielt
  • Das Durchschnittsergebnis liegt bei 7 aus 11
Antwortstatistiken
Beschreibung Name % Korrekt
mehr Bayern-DNA geht nicht, einer der meist unterschätzten Spieler im Weltfußball, wurde als Nobody von Louis van Gaal behutsam an die Profimannschaft herangeführt und etablierte sich schnell als Stammspieler, Stand Juni 2022 elffacher deutsch. Meister Thomas Müller
98%
in Warschau geboren, einer der besten, wenn nicht der beste Stürmer, welcher jemals in der Bundesliga spielte, brach den ewigen Torrekord von Gerd Müller Robert Lewandowski
92%
über München hinaus sehr beliebte Vereinslegende, besonders blieb seine kämpferische Leistung im WM-Finale 2014 in Erinnerung, stand auch in Manchester und Chicago unter Vertrag Bastian Schweinsteiger
83%
sein Zug von den Außen nach innen inkl. Abschluss mit dem starken linken Fuß war bei Gegnern sehr gefürchtet, enorm verletzungsanfällig, vergab im WM-Finale 2010 eine 100-prozentige Chance, als er alleine auf "San Iker" zustürmte Arjen Robben
79%
unterschrieb vor kurzem einen Vertrag in München, ehemaliger Schützling von Jürgen Klopp, dunkelhäutig Sadio Mane
68%
brauchte relativ lange, bis ihm "der Knopf aufging", wenig erfolgreiche Zeit bei Arsenal und West Bromwich Albion, spielte sich 2016 bei den Olympischen Spielen in Rio de Janeiro ins Rampenlicht (6 Tore), Serge Gnabry
64%
spielte sowohl für den FCB als auch 1860 München, schoss im Rückspiel des CL-Halbfinals gegen Olympique Lyon 2010 alle drei Tore (3:0), wurde nach seiner Profikarriere Co-Trainer der kroatischen Nationalmannschaft Ivica Olic
48%
fast 2 Meter großer IV, stand einst beim HSV unter Vertrag, Stammspieler unter Louis van Gaal, bewies mit 6 Toren in 31 Ligaspielen 2009/10 seine Torgefährlichkeit bei Standards Daniel van Buyten
47%
Rekordtorschütze und -spieler seines Landes (157/57), Vorname hat Ähnlichkeit mit der Hauptstadt Großbritanniens, wurde in Kalifornien geboren, spielte auch für L.A. Galaxy Landon Donovan
42%
auf seinen Vornamen hört auch der Chefcoach von Atlético Madrid, kam von der 2. Mannschaft und erhielt 2010 überraschend einen Profivertrag, CL-Finalist 2010 & 2012 Diego Contento
40%
italienischer Abwehrspieler, der 2008/09 vom AC Milan an die Bayern verliehen war, kam auf 18 Bundesliga-Einsätze (kein Tor), Weltmeister 2006 Massimo Oddo
18%
Keine übereinstimmenden Quizze gefunden
Verteilung der Resultate
Anzahl Personen mit jedem Resultat
Perzentil nach korrekt beantworteten Fragen
Ihre Resultats-Entwicklung
Sie haben dieses Quiz noch nicht gespielt